Statystyki dla Najgorętsze stolice z wyjątkami

Kliknij tutaj aby rozwiązać quiz!

Ogólne statystyki

  • Ten quiz został rozwiązany 1 262 razy
  • Średni wynik to 9 z 20

Statystyki odpowiedzi

°C°FStolica% Poprawnych
31.488.5Nowe Delhi
78%
33.391.9Rijad
70%
34.594.0Abu Zabi
66%
30.687.1Bagdad
63%
33.391.9Bangkok
61%
34.393.7Kuwejt
58%
32.790.9Doha
57%
32.490.3Kuala Lumpur
52%
31.188.0Manila
52%
31.087.8Singapur
50%
33.392.0Maskat
46%
33.892.8Panama
36%
32.991.2Phnom Penh
35%
31.188.0Wientian
33%
30.787.2Sri Dźajawardanapura
Kotte
30%
32.590.5Naypyidaw
27%
31.488.5Kingston
23%
31.388.3Port Moresby
23%
31.889.2Managua
21%
32.891.2Port-au-Prince
20%

Rozkład punktacji

Percentyl według liczby udzielonych odpowiedzi

Procent ludzi z każdym wynikiem

Twoja historia wyników

Nie rozwiązałeś tego quizu